| 000 | 01162nac a22002771u 4500 | ||
|---|---|---|---|
| 010 | _a 2003041423 | ||
| 020 | _a1588261956 (alk. paper) | ||
| 020 | _a1588261719 (pbk. : alk. paper) | ||
| 082 | 0 | 0 |
_a305.420956 _bMOG |
| 090 |
_c5184 _d5184 |
||
| 100 | _aMoghadam, Valentine M. | ||
| 245 | 1 | 0 |
_aModernizing women : _bgender and social change in the Middle East / _cValentine M. Moghadam. |
| 250 | _a2nd ed. | ||
| 260 |
_aBoulder, Colo. : _bL. Rienner,2003 _c2003. |
||
| 300 |
_axv, 325 p. : _bill. ; _c24 cm. |
||
| 500 | _aditributer: Bacca | ||
| 504 | _aIncludes bibliographical references (p. 301-305) and index. | ||
| 511 | _acatalogued by: wessam | ||
| 650 | 0 |
_aWomen _zMiddle East _xSocial conditions. |
|
| 650 | 0 |
_aMuslim women _zMiddle East _xSocial conditions. |
|
| 650 | 0 |
_aWomen _zMiddle East _xEconomic conditions. |
|
| 650 | 0 |
_aMuslim women _zMiddle East _xEconomic conditions. |
|
| 856 | 4 | 1 |
_3Table of contents _uhttp://www.loc.gov/catdir/toc/fy037/2003041423.html |
| 942 |
_cBB _k305.420956MOG |
||
| 999 |
_c5184 _d5184 |
||